| 000 | 00706nam a2200193 i 4500 | ||
|---|---|---|---|
| 001 | 90278 | ||
| 003 | ES-MaACL | ||
| 005 | 20230906180411.0 | ||
| 007 | t| | ||
| 008 | 050119s1949 fr ||||1| fre d | ||
| 100 | 1 |
_aLe Gentil, Pierre. _9168513 |
|
| 245 | 1 | 3 |
_aLa poesie lyrique espagnole et portugaise áa la fin du moyen âge / _cPierre Le Gentil. |
| 260 |
_aRennes : _bPhilon, _c1949 ( _fImp. Commerciale) |
||
| 300 |
_a1 v. ; _c25 cm. |
||
| 505 | 8 |
_aContiene: I ; _tPremiere partie: Les thèmes et les genres. |
|
| 650 | 4 |
_aPoesía lírica española- _yHasta S.XV- _xHistoria y crítica. _9162976 |
|
| 650 | 4 |
_aPoesía portuguesa- _yS.XVI-XVII- _xHistoria y crítica. _9136734 |
|
| 852 |
_aES-MaACL _jP-982 |
||
| 999 |
_c90278 _d90278 |
||